000 00396nam a2200157Ia 4500
003 GCL
008 140319s9999 xx 000 0 eng d
040 _aGCL /
_cGCL
082 0 4 _a726.5
_bO N
100 1 _aOBTFAL, NIHIL
245 1 0 _aNOTRE DAME DE LA GARDE /
_cOBTFAL, NIHIL
260 _a[S.N] :
_bBOREL ،
_c1949
650 0 4 _aCHURCH, ARCHITECTURE
650 0 4 _aNOTRE DAME
942 _2ddc
_cBK
999 _c11348
_d11348